Brief introduction to psychology (Record no. 123949)

MARC details
000 -LEADER
fixed length control field 00543nam a2200217Ia 4500
003 - CONTROL NUMBER IDENTIFIER
control field OSt
005 - DATE AND TIME OF LATEST TRANSACTION
control field 20220509102826.0
008 - FIXED-LENGTH DATA ELEMENTS--GENERAL INFORMATION
fixed length control field 210210b2018 xxu||||| |||| 00| 0 eng d
020 ## - INTERNATIONAL STANDARD BOOK NUMBER
International Standard Book Number 9780070994553
040 ## - CATALOGING SOURCE
Original cataloging agency AL
Transcribing agency
041 ## - LANGUAGE CODE
Language code of text/sound track or separate title eng
082 ## - DEWEY DECIMAL CLASSIFICATION NUMBER
Classification number 150 MORB
100 ## - MAIN ENTRY--PERSONAL NAME
Personal name MORGAN (Clifford T)
9 (RLIN) 34834
245 ## - TITLE STATEMENT
Title Brief introduction to psychology
250 ## - EDITION STATEMENT
Edition statement 2
260 ## - PUBLICATION, DISTRIBUTION, ETC.
Place of publication, distribution, etc. Chennai
Name of publisher, distributor, etc. McGraw Hill Education (India) Private Limited
Date of publication, distribution, etc. 2018
300 ## - PHYSICAL DESCRIPTION
Extent xi,499
650 ## - SUBJECT ADDED ENTRY--TOPICAL TERM
Topical term or geographic name entry element psychology
9 (RLIN) 34835
906 ## - LOCAL DATA ELEMENT F, LDF (RLIN)
a 074110
942 ## - ADDED ENTRY ELEMENTS (KOHA)
Source of classification or shelving scheme Dewey Decimal Classification
Koha item type Book
Holdings
Withdrawn status Lost status Source of classification or shelving scheme Damaged status Not for loan Collection code Home library Current library Shelving location Date acquired Source of acquisition Cost, normal purchase price Total Checkouts Full call number Barcode Date last seen Price effective from Koha item type
    Dewey Decimal Classification     Psychology St Aloysius Library St Aloysius Library   02/17/2021 Sapna Book House Pvt Ltd, K S Rao Road, Mangalore-575001 850.00   150 MORB 074110 02/17/2021 02/17/2021 Book
    Dewey Decimal Classification     Psychology St Aloysius Library St Aloysius Library   03/24/2026       150 MORB D06404 05/04/2026 05/04/2026 Donated Books